000 00437nam a2200181Ia 4500
001 4117
005 20260306145732.0
008 260306t2009||||xx |||||||||||||| ||spa||
041 _aESP
082 _a306.85
_bH12 Nº 95
100 _aGarrido Gil, Pablo
_eAUT
245 0 _aEducar en libertad y responsabilidad
260 _c2009
300 _a281 páginas :
_c19 cm.
650 _aGEN
654 _aCED
942 _cLIB
_dJUS
_fJUS
_2ddc
_n
999 _c4117
_d4117